|
|
|
|
| LEADER |
00000nbm0a2200000 4500 |
| 001 |
197950 |
| 005 |
20231101224802.0 |
| 035 |
|
|
|a (RuTPU)RU\TPU\book\215915
|
| 035 |
|
|
|a RU\TPU\book\215912
|
| 090 |
|
|
|a 197950
|
| 100 |
|
|
|a 20110621j20110601k y0rusy50 ca
|
| 101 |
0 |
|
|a rus
|
| 102 |
|
|
|a RU
|
| 105 |
|
|
|a a m 001zy
|
| 200 |
1 |
|
|a Петролого-геохимические критерии рудоносности белокурихинского комплекса Алтая
|e диссертация на соискание ученой степени кандидата геолого-минералогических наук
|e спец. 25.00.11
|f Е. М. Табакаева
|g Национальный исследовательский Томский политехнический университет (ТПУ) ; науч. рук. А. И. Гусев
|
| 210 |
|
|
|a Томск
|d 2011
|
| 215 |
|
|
|a 184 л.
|c ил.
|
| 300 |
|
|
|a Защищена 01.06.2011 г.
|
| 320 |
|
|
|a Библиогр.: с. 156-169 (158 назв.).
|
| 606 |
1 |
|
|a Рудные (металлоносные) месторождения
|2 stltpush
|3 (RuTPU)RU\TPU\subj\26025
|9 50044
|
| 610 |
1 |
|
|a геология
|
| 610 |
1 |
|
|a Алтай
|
| 610 |
1 |
|
|a Белокурихинский массив
|
| 610 |
1 |
|
|a геологическое строение
|
| 610 |
1 |
|
|a петрология
|
| 610 |
1 |
|
|a интрузии
|
| 610 |
1 |
|
|a рудоносность
|
| 610 |
1 |
|
|a критерии
|
| 610 |
1 |
|
|a диссертации
|
| 675 |
|
|
|a 553.3/.4(571)(04)
|v 3
|
| 686 |
|
|
|a 25.00.11
|2 oksvnk
|
| 700 |
|
1 |
|a Табакаева
|b Е. М.
|g Евгения Михайловна
|
| 702 |
|
1 |
|a Гусев
|b А. И.
|c профессор Томского политехнического университета
|g Анатолий Иванович
|2 stltpush
|3 (RuTPU)RU\TPU\pers\28310
|4 727
|
| 712 |
0 |
2 |
|a Национальный исследовательский Томский политехнический университет (ТПУ)
|c (2009- )
|2 stltpush
|3 (RuTPU)RU\TPU\col\15902
|
| 801 |
|
1 |
|a RU
|b 63413507
|c 20110621
|
| 801 |
|
2 |
|a RU
|b 63413507
|c 20110708
|g RCR
|
| 942 |
|
|
|c BK
|